000 01169cam a22002771i 4500
003 SA-RiAUC
005 20250222070645.0
008 250220s2006 su g 00010 ara c
020 _a9960495914
040 _aSA-JeALM
_bara
_cSA-RiAUC
_erda
043 _aa-su---
082 0 0 _a810.9
_qSA-RiAUC
090 _a810.9
_bخ ا ن
100 1 _aالخاني، أحمد عبد الرزاق،
_d1941-
_eمؤلف.
245 1 2 _aالصالونات الأدبية في المملكة العربية السعودية :
_bتاريخ للحركة الأدبية في هذه المنتديات الثقافية /
_cأحمد الخاني.
250 _aطبعة الأولى.
264 1 _aالرياض :
_bاحمد الخاني،
_c2006
300 _a797 صفحة ؛
_bيوجد صور.
_c24 سم.
336 _aنص
_btxt
_2rdacontent
_3كتاب
337 _aبدون وسيط
_bn
_2rdamedia
338 _aمجلد
_bnc
_2rdacarrier
650 7 _aالنوادي الثقافية
_zالسعودية
_2aucsh
650 7 _aالأدب العربي
_zالسعودية
_xتاريخ ونقد
_yقرن 14 هجري
_2aucsh
942 _2ddc
_cBOOK
_n0
949 _aSA-JeALM
_d250220
_uosman123
_n1
999 _c6145
_d6145